| Поле | Инд. | ПП | Название | Значение |
|---|---|---|---|---|
| Тип записи | a | |||
| Библиографический уровень | b | |||
| 001 | Контрольный номер | RU/IS/BASE/367944555 | ||
| 005 | Дата корректировки | 20200522191459.8 | ||
| 008 | Кодируемые данные | 20110829 | ||
| 084 | a | Индекс другой классификации/Индекс ББК | 65.292.31-21; 65.432-21 | |
| 100 | 1_ | a | Автор | Евстигнеев А. |
| 245 | a | Заглавие | Семейный малый и микрогостиничный бизнес в Москве - как быть? | |
| 504 | a | Библиография | Библиогр. | |
| 520 | a | Аннотация | Рассматриваются вопросы создания и развития семейного малого и минигостиничного бизнеса в Москве, его размещения в среде исторической застройки города. Поднимается проблема сохранения исторических кварталов. Затрагиваются вопросы организации подготовки кадров для этого вида бизнеса. | |
| 650 | a | Основная рубрика | гостиничное хозяйство | |
| a | Основная рубрика | индустрия гостеприимства и туризма | ||
| a | Основная рубрика | менеджмент (управление предприятием) | ||
| a | Основная рубрика | экономика | ||
| a | Основная рубрика | экономика предприятия | ||
| 653 | a | Ключевые слова | гостиничный бизнес | |
| a | Ключевые слова | малые гостиницы | ||
| a | Ключевые слова | малый бизнес | ||
| a | Ключевые слова | Москва | ||
| a | Ключевые слова | семейный бизнес | ||
| 773 | t | Заглавие источника | РИСК: ресурсы, информация, снабжение, конкуренция | |
| d | Дата издания источника | 2010 | ||
| g | Прочая информация | № 4. - С. 299 - 305 | ||
| w | Контрольный № источника | RU/IS/BASE/354127615 | ||
| 901 | t | Тип документа | b |